000
00217nam a2200109Ia 4500
100
_a
Town H.C
942
_c
BK
245
_a
Cutting tools Jigs & Fixtures
260
_b
Odhams Press
082
_a
621.9
300
_a
360
999
_c
20714
_d
20714